| 000 | 00735nam a2200253 i 4500 | ||
|---|---|---|---|
| 001 | bg | ||
| 245 | 0 | 0 |
_aPoradnik inżyniera elektryka / _caut. Stanisław Bach [et al.]. T.2. |
| 250 | _aWyd. 2 częśc. zm. | ||
| 260 |
_aWarszawa : _bWydawnictwa Naukowo-Techniczne, _c1997. |
||
| 300 |
_a691 s. : _brys., wykr. ; _c21 cm. |
||
| 504 | _aBibliogr. przy rozdz. - Indeks. | ||
| 650 | 9 | _aElektrotechnika | |
| 655 | _aPoradniki | ||
| 700 | 1 | _aBACH, Stanisław. | |
| 020 | _a8320419670 (t. 2) | ||
| 020 | _a8320419654 (całość) | ||
| 040 | _cBPK | ||
| 041 | 0 | _apl | |
| 080 | _a621.3(03) | ||
| 920 | _a83-204-1967-0 (t. 2) | ||
| 920 | _a83-204-1965-4 (całość) | ||
| 942 | _cKS | ||
| 008 | s pl f |000 0 pol | ||
| 999 |
_c32434 _d32434 |
||
| 856 |
_uhttp://koha.tu.koszalin.pl/cgi-bin/koha/opac-detail.pl?biblionumber=32434 _yKatalog online BPK |
||